00190nam a2200073Ia 4500008004100000050002100041100001300062245004100075230915s9999 xx 000 0 und d aQE.28.2.H65 1978 aHOLME A. 0aHOLMES PRINCIPLE OF PHYSICAL GEOLOGY